| 000 -LEADER |
| fixed length control field |
00618cam a22001337a 4500 |
| 008 - FIXED-LENGTH DATA ELEMENTS--GENERAL INFORMATION |
| fixed length control field |
180718b1955 xxu||||| |||| 00| 0 eng d |
| 082 ## - DEWEY DECIMAL CLASSIFICATION NUMBER |
| Classification number |
T19x595 In8 |
| 245 ## - TITLE STATEMENT |
| Title |
The Economic development of Malaya |
| 260 ## - PUBLICATION, DISTRIBUTION, ETC. |
| Place of publication, distribution, etc. |
Baltimore |
| Name of publisher, distributor, etc. |
Johns Hopkins |
| Date of publication, distribution, etc. |
1955 |
| 300 ## - PHYSICAL DESCRIPTION |
| Extent |
xix, 707p. maps |
| 500 ## - GENERAL NOTE |
| General note |
Bibl. footnotes. Statistical app. p.654-92. Index p.693-707.Report olf a mission organized by the International Bank for Reconstruction and Development at the request of the governments of the Federation of Malaya, the Crown colony of Singapore and the United Kingdom |
| 650 ## - SUBJECT ADDED ENTRY--TOPICAL TERM |
| Topical term or geographic name entry element |
Economic Development - Malaya |
| 700 ## - ADDED ENTRY--PERSONAL NAME |
| Personal name |
IBRD |